In Plain English: Shakespeare II Quiz Stats

 Plays Quiz Updated May 14, 2018

Challenge
Share
Tweet
Embed
Score 0/24 Timer 08:00
2 Plays Today
% Correct
Show her in.
86.5%
He'll be filling in for me.
84.6%
Good morning.
82.9%
You're not the boss of us.
82.9%
Sorry I hit you. Have some money.
82.4%
It was really loud.
81.7%
You're just the man for the job.
80.7%
He's awfully chipper today.
80.2%
Quiet now. The grown-ups are talking.
78.9%
Did I miss anything?
77.5%
It's one crappy thing after another.
76.9%
Keep your chin up.
70%
% Correct
I'm broke.
64.9%
We've already picked out our outfits.
63.8%
Do what I say.
63.4%
I'll never live this down.
61.4%
Please don't embarrass me.
60.7%
I'll make sure they don't laugh.
60.3%
Everybody's so trendy.
56.3%
I don't think you're helping.
54.3%
You're gonna get creamed.
54.3%
Mind = blown.
45.2%
That's the last straw.
44.3%
I'm a little on edge.
42%

You're not logged in!

Compare scores with friends on all Sporcle quizzes.
Join for Free
OR
Log In

You Might Also Like...

Show Comments

Extras

Top Quizzes Today


Score Distribution

Your Account Isn't Verified!

In order to create a playlist on Sporcle, you need to verify the email address you used during registration. Go to your Sporcle Settings to finish the process.

Report this User

Report this user for behavior that violates our Community Guidelines.

Details: